MDQL
is popping MORE tags! Check the
thread
!
Quizzes
Events
Quiz Creation
Community
Videos
Private Events
Remove Ads
Sign In
Join for FREE
Feedback
Dark Mode
Quiz Categories
Sports
Geography
Music
Movies
Television
Just For Fun
Miscellaneous
History
Literature
Language
Science
Gaming
Entertainment
Religion
Holiday
For Kids
Quiz Lab
Recent
Popular Today
Quiz Kudos Today
Editor Picks
Curator Picks
Quizzes by...
Day
Popularity
Type
Ratings
Length
Year
Community
Subscriptions
Recent Discussions
Orange Saloon
Badges
Playlists
Quests
Create
Leaderboards
Showdown
Live 5
Trivia Bingo
Activity
Puzzle Library
Sporcle Events
Private Events
Virtual Trivia
Globe League
Become a Host
Pub Owners
SporcleCon
Opinionation
Our Games
Videos
Blog
Mobile Apps
Partnerships
Remove Ads and Go Orange
Feedback
Literature
Harry Potter
A Song of Ice and Fire
The Hunger Games
Literary Character
Shakespeare
Book
Author
Novel
Poem
Young Adult
Children's Books
Play
Lord of the Rings
Literature
Harry Potter
A Song of Ice and Fire
The Hunger Games
Literary Character
Shakespeare
Book
Author
Novel
Poem
Young Adult
Children's Books
Play
Lord of the Rings
Random Quiz
Search Sporcle
×
Quiz Lab
Quiz Lab
Literature
Shakespeare
Type in answers that appear in a list
Type in answers that appear in a list
Classic
Best Score? Go Orange.
Puck's Monologue: A Midsummer Night's Dream Stats
Can you remember Puck's final monologue from A Midsummer Night's Dream?
By
thewrongdroid
12m
93 Questions
77 Plays
77 Plays
77 Plays
Comments
Comments
Give Quiz Kudos
Give Quiz Kudos
-
- Ratings
hide this ad
Replay
Link that replays current quiz
Next Quiz
Link to next quiz in quiz playlist
You Got
0%
They Got
Avg Score
73%
Avg Friend Score
Upgrade to see
Score Distribution
Jump to the score distribution portion of the page
Score
0/93
Timer
12:00
0
Plays Today
Answer
% Correct
and
94.8%
and
93.5%
and
92.2%
and
92.2%
If
90.9%
we
90.9%
but
90.9%
but
90.9%
a
90.9%
the
90.9%
the
90.9%
a
90.9%
and
90.9%
have
89.6%
an
89.6%
this
88.3%
you
88.3%
have
88.3%
offended
87%
is
87%
if
87%
we
87%
if
87%
we
87%
this
85.7%
you
85.7%
have
85.7%
we
85.7%
if
85.7%
we
85.7%
all
84.4%
Answer
% Correct
you
84.4%
me
84.4%
think
83.1%
be
83.1%
mended
81.8%
that
81.8%
all
80.5%
will
79.2%
mend
79.2%
shall
79.2%
shadows
77.9%
here
77.9%
no
77.9%
dream
77.9%
am
77.9%
will
77.9%
friends
77.9%
give
76.6%
your
76.6%
hands
76.6%
amends
75.3%
amends
75.3%
slumbered
74%
Puck
74%
to
74%
Robin
74%
make
72.7%
Puck
72.7%
so
72.7%
as
71.4%
restore
71.4%
Answer
% Correct
while
70.1%
these
70.1%
more
70.1%
did
68.8%
not
68.8%
unearned
68.8%
appear
67.5%
honest
67.5%
visions
64.9%
call
64.9%
liar
63.6%
luck
62.3%
than
61%
do
59.7%
else
59.7%
goodnight
58.4%
long
55.8%
weak
54.5%
theme
54.5%
gentles
54.5%
pardon
54.5%
serpents
54.5%
tongue
54.5%
unto
54.5%
idle
53.2%
ere
53.2%
reprehend
51.9%
yielding
50.6%
scape
49.4%
I
48.1%
now
48.1%
Quiz Playlist
Details
Report
Send in Message
Add To Playlist
Classic:
Type in answers that appear in a list
Last Updated: Feb 16, 2017
Quiz Scoreboard
CHALLENGE
Sign Up to Join the Scoreboard
Show All
Scores
Hide
Comments
May contain spoilers
Recently Published
Image Sorting: Flags VI
by Barbecue
Geography
2m
Find the 'City' Movie
by crazypaving
Movies
60s
Colored Red Africa Blitz
by spor1
Geography
45s
More to Explore
Quiz From the Vault
Featured Blog Post
14 Easter Pick-up Lines to Find Eggs With
hide this ad
You Might Also Like...
Tags
Poem Quiz
Shakespeare Quiz
monologue
Today's Top Quizzes in Literature
Browse Literature
hide this ad
Today's Top Quizzes in Shakespeare
Browse Shakespeare
Top Contributed Quizzes in Literature
1
Sneaky Slytherin Logic Puzzle
2
Harry Potter logic puzzle: The Hogwarts Soap Opera
3
Get The Picture: Black or White Literature
4
'Middle' Earth
5
Harry Potter Slytherin Logic Puzzle
6
ASOIAF Siblings Logic Puzzle
7
Logic Puzzle: Avoid Dumbledore's Army
8
The Men of ASOIAF - Logic Puzzle (Hard)
9
A Song of Ice and Fire Logic Puzzle
10
Quick Pick: Easter in Book Titles
Explore More
Trending Topics
Anime
Marvel
Disney
Kpop
NBA
Harry Potter
Crossword
Soccer
Puzzle
Pokémon
WWE
The Office
Country
NFL
Song
hide this ad
More By:
thewrongdroid
Quiz
Plays
Rating
Category
Featured
Created
Morse Code
487
Miscellaneous
May 25, 2016
Star Wars: Episode III- Revenge of the Sith QUOTES
470
3.00
Movies
Apr 12, 2015
Bones Quotes
403
Television
Apr 26, 2015
Romeo and Juliet Prologue
382
3.00
Language
Apr 5, 2016
Annie's Song
306
5.00
Music
May 3, 2016
Go to Creator's Profile
Score Distribution
Quiz Creator Spotlight
thewrongdroid
Follow
Send a Message
Quizzes Created
-
Created Quiz Play Count
-
More By This Creator
Popular Quizzes Today
1
Colored Red Africa Blitz
2
Find the US States - No Outlines Minefield
3
Find the 'City' Movie
4
5x2 Blitz: Bands
5
The Countries of the World
6
Find the US States
7
Find the Countries of Europe - No Outlines Minefield
8
US States
More Literature Quizzes
Novels: War or Peace?
Published
Trending Quizzes
Colored Red Europe Blitz I
Colored Red Africa Blitz II
Colored Red Europe Blitz II
Colored Red Africa Blitz III
Colored Red Europe Blitz III
Recently Updated
How Do You Spell That?
pecheneg
Godzilla Movies
pecheneg
Grab Bag: 4-10 Letters
pecheneg
2024 March Madness Bracket
pecheneg
Famous TV Couples
Peacemaker
Champions League XIs: Real Madrid
pecheneg
Largest US Cities 1790-2010
pecheneg
Rides in Walt Disney World
pecheneg
Most Oscar Losses (Acting)
pecheneg
Beyoncé Albums
pecheneg
Trending Topics
Kpop
Harry Potter
Crossword
NBA
Marvel
Disney
Anime
Country
Song
WWE
NFL
Puzzle
Pokémon
The Office
Soccer
Your Account Isn't Verified!
In order to create a playlist on Sporcle, you need to verify the email address you used during registration. Go to your
Sporcle Settings
to finish the process.
Report this User
Report this user for behavior that violates our
Community Guidelines
.
Details:
Send Report
Go to the Sporcle.com Mobile Site →
Comments